000 00765nam a2200265 i 4500
001 C2-0235507
003 PPAK
005 20180727195554.0
008 010906s2001 my a|||| ||||| | may d
020 _a9830601277
040 _aPPAK
_beng
_cPPAK
_erda
082 0 4 _a899.23301
_223
090 0 0 _a899.23301
_bJAM
_dK
100 0 _aJamilah Alias,
_eauthor
245 1 0 _aSi kaya dengan si miskin
264 1 _aPetaling Jaya, Selangor :
_bHasrat Murni ,
_c2001
300 _a48 pages :
_billustrations ;
_c21 cm
336 _2rdacontent
_atext
337 _2rdamedia
_aunmediated
338 _2rdacarrier
_avolume
490 1 _aSiri mekar sejati
650 1 0 _aShort stories, Malay ; Children's stories, Malay
830 0 _aSiri mekar sejati
942 _ddc
_cB
999 _c51492
_d51492